| 000 | 00379nam a2200133Ia 4500 | ||
|---|---|---|---|
| 008 | 240624s9999 xx 000 0 und d | ||
| 041 | _aeng | ||
| 082 | _a658.409 COL | ||
| 100 | _aCOLLINS JIM | ||
| 245 | _aGOOD TO GREAT WHY SOME COMPANIES MAKE THE LEAP AND OTHERS D | ||
| 260 |
_c2001 _aNew York _bHarperCollins Publishers |
||
| 300 | _axii, : 300 : p. : cm. ; 24 | ||
| 365 |
_c _b20 |
||
| 999 |
_c9500 _d9500 |
||